00437nam a2200169Ia 4500003000400000005001700004008004100021020001800062040000900080082001900089100001600108245006600124250001200190260004200202300000900244650001400253OSt20201207134725.0190216s9999||||xx |||||||||||||| ||und|| a9788173195662 coclc a547.308bMOH/O aMohan, Jag  0aOrganic Spectroscopy Principles And Applications /cJag Mohan a2nd Ed. bNarosa Pubs House,c2014.aNew Delhi: a548p aChemistry